Fr. Conceicao Rodrigues College of Engineering

Diodes (Record no. 30922)

MARC details
000 -LEADER
fixed length control field 00356nam a2200157Ia 4500
082 ## - DEWEY DECIMAL CLASSIFICATION NUMBER
Classification number 621.381522
Item number PHI
100 ## - MAIN ENTRY--PERSONAL NAME
Personal name Philips Semiconductor
245 ## - TITLE STATEMENT
Title Diodes
260 ## - PUBLICATION, DISTRIBUTION, ETC.
Name of publisher, distributor, etc. Eindhoven : Philips Semiconductor
Place of publication, distribution, etc. India
Date of publication, distribution, etc. 1992
300 ## - PHYSICAL DESCRIPTION
Extent 988
546 ## - LANGUAGE NOTE
Language note ENGLISH
650 ## - SUBJECT ADDED ENTRY--TOPICAL TERM
Topical term or geographic name entry element Electrical Engineering
654 ## - SUBJECT ADDED ENTRY--FACETED TOPICAL TERMS
Focus term Diodes
942 ## - ADDED ENTRY ELEMENTS (KOHA)
Koha item type Reference Book
Holdings
Withdrawn status Lost status Damaged status Not for loan Collection Home library Current library Shelving location Date acquired Total Checkouts Full call number Barcode Date last seen Price effective from Koha item type
        CRC Fr. Agnel's C.Rodrigues College of Engineering Fr. Agnel's C.Rodrigues College of Engineering   17/03/2023   621.381522 PHI 9461 17/03/2023 17/03/2023 Reference Book